000 01868nam a2200493 i 4500
001 35632
003 KOSZ 005
005 20240405063110.0
008 231004s1994 pl o g 001 0 pol d
020 _a8385408304
040 _aKOSZ 005
_cKOSZ 005/RW
045 _bd1944
046 _k1994
080 _a94(438).082
080 _a94(438).082.218
100 1 _aOkolski, Tadeusz
_d(1902-1983)
_eAutor
245 1 0 _aBatalion "Dzik" w powstaniu warszawskim /
_cTadeusz Okulski ; w opracowaniu Juliusza Kuleszy.
260 _aWarszawa :
_bWydawnictwa Fundacji "Historia pro Futuro",
_c1994.
300 _a522 strony :
_bfotografie, ilustracje ;
_c23 cm.
336 _aTekst
_btxt
_2rdacontent
337 _aBez urządzenia pośredniczącego
_bn
_2rdamedia
338 _aWolumin
_2rdacarrier
380 _aKsiążki
380 _aLiteratura faktu, eseje, publicystyka
388 1 _a1901-2000
388 1 _a1989-2000
500 _aNa okładce: 50 Rocznica Powstania warszawskiego.
500 _aNa stronie przedtytułowej: Batalion Służby Ochrony Powstania "Dzik" w Powstaniu Warszawskim 1944.
504 _aIndeks.
600 1 7 _aOkolski, Tadeusz
_d(1902-1983)
610 2 7 _aArmia Krajowa. 4 Batalion WSOP "Dzik"
648 7 _a1901-2000
648 7 _a1939-1945
650 7 _aII wojna światowa (1939-1945)
650 7 _aPowstanie warszawskie (1944)
651 7 _aWarszawa (woj. mazowieckie)
655 7 _aPamiętniki i wspomnienia
658 _aBezpieczeństwo i wojskowość
658 _aHistoria
700 1 _aKulesza, Juliusz
_d(1928- )
_eOpracowanie
710 2 _aWydawnictwo Fundacji "Historia Pro Futuro"
_4pbl
856 _uhttp://koha.tu.koszalin.pl/cgi-bin/koha/opac-detail.pl?biblionumber=35632
_yKatalog online BPK
942 _2UKD
_cKS
999 _c35632
_d35632